000 00751nam a22002177a 4500
003 UA-OsUOA
001 109845
007 ta
008 20150204b un ||||| |||| 00| 0 ukr d
100 _aГоловчинер (Новикова) В.Ю.
090 _a159
_bГ61
942 _cSA
040 _aUA-OsUOA
_brus
_cUA-OsUOA
_dUA-OsUOA
245 _aПсихологические и психотерапевтические аспекты признака эмотивизм-конструктивизм
300 _aС.36-41
955 _a0
041 _arus
080 _a159
773 0 _w109844
_tСоционика, ментология и психология личности
_dК.
_d2014
_g6
650 7 _a1 Філософські науки
_2UDC
999 _c396491
_d396491